UNIX & LINUX system / (Record no. 35949)

MARC details
000 -LEADER
fixed length control field 00526nam a22001937a 4500
005 - DATE AND TIME OF LATEST TRANSACTION
control field 20240625095142.0
008 - FIXED-LENGTH DATA ELEMENTS--GENERAL INFORMATION
fixed length control field 240625b |||||||| |||| 00| 0 eng d
020 ## - INTERNATIONAL STANDARD BOOK NUMBER
ISBN 9789332547919
082 ## - DEWEY DECIMAL CLASSIFICATION NUMBER
Classification number 004.432
Item number NEM-U
100 ## - MAIN ENTRY--AUTHOR
Author Name Nemeth, Evi
245 ## - TITLE STATEMENT
Title UNIX & LINUX system /
Remainder of title Administration handbook /
Statement of responsibility, etc. GartH Synder
250 ## - EDITION STATEMENT
Edition statement 4th ed.
260 ## - PUBLICATION, DISTRIBUTION, ETC.
Place of Publication India:
Name of publisher, distributor, etc. Pearson;
Date of publication, distribution, etc. 2018.
300 ## - PHYSICAL DESCRIPTION
Pages xxxii, 1150 p. :
500 ## - GENERAL NOTE
General note include index.
650 ## - SUBJECT ADDED ENTRY--TOPICAL TERM
Subject / Department Networking
700 ## - ADDED ENTRY--PERSONAL NAME
Personal name GartH Synder
300 ## - PHYSICAL DESCRIPTION
-- ill;
-- 24 cm.
952 ## - LOCATION AND ITEM INFORMATION (KOHA)
-- 0
-- 0
Holdings
Lost status Damaged status Collection code Permanent Location Current Location Shelving Location Date acquired Full Call Number Accession No./Barcode Date last seen item type Koha item type
    CS/IT Superior Information Resource Center (SIRC) Superior University- Gold Campus Superior Information Resource Center (SIRC) Superior University- Gold Campus Networking 06/25/2024 005.432 NEM-U 2018 14162 06/25/2024 BOOK BOOK

Powered by Koha